The future of NPPG8 (Record no. 73099)

MARC details
000 -LEADER
fixed length control field 01400cam a2200253 4500
001 - CONTROL NUMBER
control field ABS66920
008 - FIXED-LENGTH DATA ELEMENTS--GENERAL INFORMATION
fixed length control field 030723n2003 000 0 eng u
035 ## - SYSTEM CONTROL NUMBER
System control number (Sirsi) u123102
100 ## - MAIN ENTRY--PERSONAL NAME
Personal name Jobling, K.
245 #4 - TITLE STATEMENT
Title The future of NPPG8
260 ## - PUBLICATION, DISTRIBUTION, ETC.
Date of publication, distribution, etc. 2003
490 ## - SERIES STATEMENT
Series statement Scottish Planning and Environmental Law
Volume/sequential designation (97) June 2003, 59-60(2)
520 ## - SUMMARY, ETC.
Summary, etc. Discusses the future of Scotland's "National Planning Policy Guideline 8: retailing and town centres" (NPPG8). Explains current retail planning policy in Scotland that favours town centre retail development over out-of-town development. Focuses on three initiatives concerned with NPPG8; the Scottish Executive's annual retail monitoring surveys, the January 2003 Cities Review and new research into the effectiveness of NPPG8, looking at a number of issues such as the sequential approach, the definition of edge of centre and how far NPPG8 should apply to non-retail uses. The research should be finished by autumn 2003 and the findings will be used by the Scottish Executive to decide whether to revise NPPG8.
590 ## - LOCAL NOTE (RLIN)
Local note ABS
650 ## - SUBJECT ADDED ENTRY--TOPICAL TERM
Topical term or geographic name entry element RETAIL PLANNING
650 ## - SUBJECT ADDED ENTRY--TOPICAL TERM
Topical term or geographic name entry element NPPG8
650 ## - SUBJECT ADDED ENTRY--TOPICAL TERM
Topical term or geographic name entry element SCOTLAND
650 ## - SUBJECT ADDED ENTRY--TOPICAL TERM
Topical term or geographic name entry element NATIONAL PLANNING POLICY GUIDANCE
650 ## - SUBJECT ADDED ENTRY--TOPICAL TERM
Topical term or geographic name entry element TOWN CENTRES
650 ## - SUBJECT ADDED ENTRY--TOPICAL TERM
Topical term or geographic name entry element RETAIL DEVELOPMENT
650 ## - SUBJECT ADDED ENTRY--TOPICAL TERM
Topical term or geographic name entry element SEQUENTIAL APPROACH
690 ## - LOCAL SUBJECT ADDED ENTRY--TOPICAL TERM (OCLC, RLIN)
Topical term or geographic name as entry element ENVIRONMENTAL AND LAND CONSULTANCY-PLANNING AND DEVELOPMENT
942 ## - ADDED ENTRY ELEMENTS (KOHA)
Suppress in OPAC 0
Holdings
Withdrawn status Lost status Source of classification or shelving scheme Damaged status Not for loan Home library Current library Shelving location Date acquired Total Checkouts Full call number Barcode Date last seen Copy number Price effective from Koha item type
    Dewey Decimal Classification     London London Journal article 23/07/2003   ABS66920 123102-1001 06/08/2019 1 06/08/2019 Journal article